20 Biggest Cities in Poland - Statistics

General Stats
  • This quiz has been taken 362 times
  • The average score is 13 of 20
Answer Stats
Population City % Correct
1 715 000 Warsaw
98%
740 000 Krakow
97%
460 000 Gdansk
95%
815 000 Lodz
91%
640 000 Wroclaw
90%
350 000 Katowice
89%
580 000 Poznan
85%
355 000 Lublin
76%
420 000 Szczecin
72%
250 000 Gdynia
71%
280 000 Bialystok
66%
385 000 Bydgoszcz
66%
205 000 Torun
56%
260 000 Czestochowa
52%
215 000 Kielce
50%
230 000 Radom
49%
245 000 Sosnowiec
39%
215 000 Gliwice
38%
200 000 Zabrze
30%
225 000 Bytom
25%
No matching quizzes found
Score Distribution
Percent of People with Each Score
Percentile by Number Answered
Your Score History
You have not taken this quiz